| 000 | 00372nam a22001457a 4500 | ||
|---|---|---|---|
| 003 | CEME | ||
| 005 | 20210628204118.0 | ||
| 008 | 210308b xxu||||| |||| 00| 0 eng d | ||
| 040 | _c. | ||
| 082 | _a297.07 ABD'R | ||
| 100 |
_aAbdul, Hameed Mian _968797 |
||
| 245 | _aThe renaissance of the muslim ummah | ||
| 260 |
_aLAHORE _bARMY EDUCATION PRESS _c1995 |
||
| 942 |
_cBK _2ddc |
||
| 999 |
_c576262 _d576262 |
||